00478nam a2200157Ia 4500003000400000008004100004020002300045040000800068041000700076082002100083100004300104245007000147246002000217260007500237300000800312LDD190117s9999 xx 000 0 und d a8181430913c₹200 cLDD ahi a8H3.7 भ3916क aभण्डारी, मन्नू 0aकथा-पटकथा cमन्नू भण्डारी a Katha-patkatha aनयी दिल्लीbवाणी प्रकाशनc2003 a216